| 000 | 02243cam a2200385 a 4500 | ||
|---|---|---|---|
| 001 | 15303670 | ||
| 005 | 20160922182032.0 | ||
| 008 | 080521s2009 paua b 001 0 eng | ||
| 010 | _a 2008022374 | ||
| 020 | _a978-0-8036-1944-9 | ||
| 020 | _a0-8036-1944-8 | ||
| 035 | _a(DNLM)101474544 | ||
| 040 |
_aDNLM/DLC _cDLC _dDLC |
||
| 042 | _apcc | ||
| 050 | 0 | 0 |
_aRT62 _b.A53 2009 |
| 082 | 0 | 0 |
_aDC 610.730693 _22009 _bAn2n |
| 100 | 1 |
_aAnderson, Mary Ann, _d1946-2011. |
|
| 245 | 1 | 0 |
_aNursing leadership, management, and professional practice for the LPN/LVN : _bin nursing school and beyond / _cMary Ann Anderson. |
| 250 | _aFourth Edition | ||
| 260 |
_aPhiladelphia : _bF.A. Davis Co., _cc2009. |
||
| 300 |
_aviii, 360 pages : _bcolor illustrations ; _c26 cm. |
||
| 504 | _aIncludes bibliographical references and index. | ||
| 505 | 0 | _aHistorical perspective and current trends -- Caring as a personal and professional behavior -- Understanding the changing roles in nursing -- Healthcare environment -- Fulfill your role as a student -- The importance of critical thinking -- Entry into practice -- Employment process -- Leadership and management as a professional concept -- Communication skills in leadership and management -- Considering culture -- Understanding benefits of change -- Establishing meaningful priorities -- Welcome to conflict -- Dealing with chaos -- Ethics and law in nursing management -- Understanding use of power -- Motivating employees -- Team building -- Making assignments, counseling, and analyzing performance. | |
| 650 | 0 |
_aPractical nursing _vOutlines, syllabi, etc. |
|
| 650 | 0 |
_aNursing services _xAdministration _vOutlines, syllabi, etc. |
|
| 650 | 1 | 2 |
_aNursing, Practical _xorganization & administration. |
| 650 | 2 | 2 | _aLeadership. |
| 650 | 2 | 2 | _aNurse Administrators. |
| 650 | 2 | 2 |
_aNursing Services _xorganization & administration. |
| 650 | 2 | 2 | _aVocational Guidance. |
| 856 | 4 | 1 |
_3Table of contents only _uhttp://www.loc.gov/catdir/toc/ecip0819/2008022374.html |
| 906 |
_a7 _bcbc _corignew _d1 _eecip _f20 _gy-gencatlg |
||
| 942 |
_2ddc _cDC |
||
| 999 |
_c4773 _d4773 |
||